Nationalities in the WSL 23-24 - Statistics

General Stats
  • This quiz has been taken 364 times
  • The average score is 26 of 33
Answer Stats
Number Answer Hint % Correct
115 England Europe
99%
15 Australia Oceania
98%
6 Spain Europe
97%
13 Sweden Europe
96%
7 France Europe
94%
8 Germany Europe
93%
10 Japan Asia
93%
9 Canada North America
92%
9 USA North America
92%
12 Ireland Europe
91%
2 Northern Ireland Europe
90%
10 Norway Europe
90%
16 Scotland Europe
88%
2 China Asia
87%
1 Brazil South America
86%
11 Netherlands Europe
85%
10 Denmark Europe
81%
2 Italy Europe
81%
4 Switzerland Europe
78%
12 Wales Europe
78%
1 Portugal Europe
77%
5 Belgium Europe
75%
4 Finland Europe
75%
2 New Zealand Oceania
75%
3 Austria Europe
73%
6 Jamaica North America
67%
2 Colombia South America
66%
1 Iceland Europe
57%
1 South Korea Asia
53%
1 Greece Europe
49%
1 Morocco Africa
42%
2 Serbia Europe
33%
1 Czechia Europe
28%
No matching quizzes found
Score Distribution
Percent of People with Each Score
Percentile by Number Answered
Your Score History
You have not taken this quiz